Thank you now different languages - Statistics

General Stats
  • This quiz has been taken 16 times
  • The average score is 5 of 7
Answer Stats
Hint Answer % Correct
English[UK] Thank you
100%
English[USA] Thank you
100%
Spanish Gracias
94%
German Danke
88%
French Merci
81%
Italian Gracie
13%
Norweigan Takk Skal du ha
0%
No matching quizzes found
Score Distribution
Percent of People with Each Score
Percentile by Number Answered
Your Score History
You have not taken this quiz